| 000 | 00933nam a2200241Ia 4500 | ||
|---|---|---|---|
| 008 | 100315s9999 xx 000 0 und d | ||
| 020 | _a0861887549 | ||
| 040 | _cENGLISH | ||
| 082 |
_b9689 _a658.45 |
||
| 100 | _a"Leeds, Dorothy " | ||
| 245 | _aSmart Quaestions for Successful Managers : A new technique for effective communication | ||
| 260 |
_aGREAT BRITAIN _bJudy Piatkus _c1987 |
||
| 300 | _a293 | ||
| 365 |
_eRupees _d1 _b0.00 |
||
| 366 | _f0 | ||
| 505 | _gVaibhav Gaikwad | ||
| 530 | _bDonated By RBI Library | ||
| 620 | _a"Smart Quaestions for Successful Managers, Human Resource Development, Management, RBI Book, " | ||
| 630 | _aSmart Quaestions for Successful Managers : A new technique for effective communication | ||
| 650 | _aHuman Resource Development | ||
| 730 | _aSmart Quaestions for Successful Managers : A new technique for effective communication | ||
| 942 | _cBOOK | ||
| 999 |
_c484423 _d484420 |
||